Bariéry implementácie manažmentu znalostí v podnikoch v európskom priestore diplomová práca

Salvato in:
Dettagli Bibliografici
Autore principale: Tóthová, Alexandra
Ente Autore: Obchodná fakulta EU. Katedra marketingu
Altri autori: Miklošík, Andrej
Natura: Libro
Lingua:slovacco
Pubblicazione: Bratislava 2016
Tags: Aggiungi Tag
Nessun Tag, puoi essere il primo ad aggiungerne!!

MARC

LEADER 00000nbm a2200000 4500
001 0216807
005 20170112113929.0
041 0 |a slo 
044 |a SK 
245 1 0 |a Bariéry implementácie manažmentu znalostí v podnikoch v európskom priestore  |b diplomová práca  |c Alexandra Tóthová ; školiteľ: Andrej Miklošík 
264 1 |a Bratislava  |c 2016 
300 |a 54 s. 
100 1 |a Tóthová, Alexandra 
700 1 |a Miklošík, Andrej 
710 2 |a Obchodná fakulta EU. Katedra marketingu